|
|
|
|
| LEADER |
00000cam a2200000 7i4500 |
| 001 |
0000005190 |
| 002 |
000005605 |
| 005 |
20000330.0 |
| 020 |
|
|
|a 1560241608
|
| 090 |
0 |
0 |
|a 025.21
|b EVA
|
| 245 |
0 |
0 |
|a Evaluating acquisitions and collection management
|c edited by Pamela S.Cenzer and Cynthia I.Gozzi
|
| 260 |
|
|
|a New York :
|b The Haworth Press ,
|c 1991
|
| 300 |
|
|
|a 162p. ;
|c 22cm.
|
| 650 |
0 |
0 |
|a Acquistions (Libraries)
|x Evaluation
|
| 650 |
0 |
0 |
|a Collection development(Libraries)
|x Evaluation
|
| 700 |
0 |
|
|a Cenzer, Pamela S
|
| 999 |
|
|
|a 031169
|b BUKU
|c RUJUKAN
|e PERPUSTAKAAN KOMUNITI PETALING JAYA
|